Google-Jahresrückblick 2025 (Bücher) - Statistiken

Allgemein
  • Dieses Quiz wurde 20 mal gespielt
  • Das Durchschnittsergebnis liegt bei 3 aus 10
Antwortstatistiken
# Autor Hinweis Jahr Buch % Korrekt
6 SenLinYu Erinnerungen der Alchemistin Helena Marino an eine toxische Beziehung während eines Bürgerkriegs 2025 Alchemised
60%
2 Rebecca Yarros Abenteuer von Violet Sorrengail und Xaden Riorson während des Kriegs gegen die Venin 2025 Onyx Storm
60%
8 Jenny Han Beginn einer Trilogie über das Erwachsenwerden eines Mädchens während eines Strandurlaubs 2009 The Summer I Turned Pretty
60%
4 Colleen Hoover Nach dem Tod des Vaters entfernen sich Mutter und Tochter immer mehr voneinander 2019 All das Ungesagte zwischen uns
33%
5 Margaret Mitchell Beschreibt das Leben der fiktiven reichen Südstaatlerin Scarlett O'Hara während des Amerikanischen Bürgerkriegs und der Reconstruction 1936 Vom Winde verweht
33%
7 Dan Brown In Prag angesiedelter sechster Fall des Symbologen Robert Langdon 2025 The Secret of Secrets
27%
3 Christoph Kramer Coming-of-Age-Geschichte während der Fußball-WM 2006 2025 Das Leben fing im Sommer an
20%
1 Jewgeni Samjatin Dystopie über einen auf Konformität bedachten totalitären Staat mit einem "Wohltäter" an der Spitze 1920 Wir
13%
9 Nelio Biedermann Familiensaga über den Niedergang einer ungarischen Adelsfamilie im 20. Jahrhundert 2025 Lázár
7%
10 Justus Bender Dystopie basierend auf der realen Radikalisierung einer rechtsextremen deutschen Partei 2017 Was will die AfD?
7%
Keine übereinstimmenden Quizze gefunden
Verteilung der Resultate
Anzahl Personen mit jedem Resultat
Perzentil nach korrekt beantworteten Fragen
Ihre Resultats-Entwicklung
Sie haben dieses Quiz noch nicht gespielt